Joves artistes becats el 2017 : concert de música clàssica : 18 d'octubre de 2018 concert de música clàssica : 18 d'octubre de 2018
Descripción Física:
1 tríptic ; il·lustracions color ; 15 x 21 cm
Materias:
Palau Güell (Barcelona) -- Activitats culturals
; Artistes -- Beques -- Barcelona (Catalunya : Província)
; Concerts (Execució musical) -- Programes
Idioma:
Catalán
MARC
| LEADER | 00000nam a22000007a 4500 | ||
|---|---|---|---|
| 001 | 27974 | ||
| 003 | Arxiu | ||
| 005 | 20260324181518.0 | ||
| 008 | 230606b spa||||| |||| 00| 0 cat d | ||
| 017 | |a B 22799-2018 | ||
| 040 | |a agdb |b cat | ||
| 245 | |a Joves artistes becats el 2017 : |b concert de música clàssica : 18 d'octubre de 2018 | ||
| 260 | |a Barcelona : |b Palau Güell : |b Diputació de Barcelona ; |c 2018 | ||
| 300 | |a 1 tríptic ; |b il·lustracions color ; |c 15 x 21 cm | ||
| 610 | 2 | 0 | |9 52964 |a Palau Güell (Barcelona) |x Activitats culturals |
| 650 | 0 | |9 53071 |a Artistes |x Beques |z Barcelona (Catalunya : Província) | |
| 650 | 0 | |2 Arxiu |9 43539 |a Concerts (Execució musical) |x Programes | |
| 710 | 2 | |9 17034 |a Palau Güell (Barcelona) | |
| 710 | 2 | |9 56050 |a Fundació Güell | |
| 710 | 1 | |a Barcelona (Catalunya : Província). |b Diputació |9 52408 | |
| 942 | |2 udc |c ARXIU |n 1 | ||
| 952 | |0 0 |1 0 |2 udc |4 0 |6 FU766 |7 1 |9 66452 |a Arxiu |b Arxiu |d 2023-06-06 |l 0 |o FU-76-6 |p 27974 |r 2023-06-06 00:00:00 |w 2023-06-06 |y ARXIU | ||
| 999 | |c 83787 |d 83787 | ||